000
00329nam a22001337a 4500
003
OSt
008
231114b |||||||| |||| 00| 0 eng d
041
_a
eng
082
_a
338.9
_b
MIN/IN
245
_a
The Indian experiment /
260
_a
New Delhi :
_b
Ministry of Information & Broadcasting
_c
1965.
300
_a
35p.
942
_c
BK
999
_c
17790
_d
17790